13128nam a2200685 i 4500003000900000005001700009007000300026008004100029040003000070082001900100100003500119240001500154245005000169264004500219300004800264336002700312337003300339338002800372504002600400505044700426505026800873505034501141505044801486505029901934505034802233505059502581505034203176505032403518505020203842505033404044505041904378505016104797505068104958505039205639505008206031505028006113505019306393505022106586505056406807505069607371505028408067505027408351505026308625505033108888505024209219505104209461505039810503505017810901505022011079505032911299505010411628505015111732505024411883590002712127650005512154910001412209942001412223952018812237999001712425DO-SdBNP20260114121206.0ta100222s1978 dr ab r 001 0 spa d aDO-SdBNPbspacBNPHUerda a372.832bV768m1 aVincent Cepeda, Rosa A.935868 a[Cívica]10aManual de cívica /cRosa A. Vincent Cepeda. 1aSanto Domingo :bAmigo del Hogar,c1978. a175 páginasailustraciones, mapa c22 cm. 2rdacontentatextobtxt 2rdamediaasin mediaciónbn 2rdacarrieravolumenbnc aBibliografía p: 1650 aCapítulo 1 :tConcepto de la sociedad.-- tÓrgano de que se compone la sociedad.-- tFunciones de cada uno de los órganos sociales.-- tEl 2do. órgano es la familia.-- tLa región es el 4to. órgano del organismo social.-- tEl 5to. órgano es la nación.-- tSociedad internacional o familia de naciones.-- tLa educación cívica como reguladora de estas funciones.-- tEl derecho y el deber como base del bienestar social. /0 aCapítulo 2 :tEl individuo como órgano social.-- tIdeas generales de nacionalidad.-- tEl ciudadano.-- tEl civismo. su definición y sus finalidades.-- tSus finalidades.-- tLas diferentes formas de adquirir la mayoridad política y la mayoridad civil. /0 aCapítulo 3 :tLos deberes del ciudadano.-- tObediencia a las leyes.-- tEl deber del voto.-- tEl deber del voto.-- tEl pago del impuesto.-- tEl deber de instruirse.-- tDerecho que engendra la condición de ciudadano.-- tDerecho al sufragio.-- tInviolabilidad de la correspondencia.-- tDerechos de ejercer cualquier profesión. /0 aCapítulo 4 :tDerecho del voto. su universalidad.-- tEl voto obligatorio.-- tLibertad de reuniones.-- tLibertad de cultos.-- tLibertad de enseñanza.-- tLibertad de expresión.-- tDerechos inherentes a la personalidad humana, consagrados en nuestra constitución.-- tLa inviolabilidad de la vida.-- tLa seguridad individual.-- tLa libertad de trabajo.-- tLibertad de empresa.-- tLibertad de tránsito.-- tDerechos sociales. /0 aCapítulo 5 :tLa revolución francesa. causas.- origen de la consagración de los derechos humanos.- el origen histórico de la primera constitución francesa.- formación de las Repúblicas Americanas.- causas precursoras de la independencia latinoamericana.- Repúblicas americanas.-0 aCapítulo 6 :tLa familia como órgano social.-- tLa institución del matrimonio.-- tMatrimonio.-- tCondiciones para contraer matrimonio.-- tProhibiciones.-- tCelebración.-- tEfectos.-- tDisolución.-- tEl divorcio.-- tPatria potestad.-- tLa supervigilancia.-- tLa emancipación.-- tLa patria potestad cesa.-- tLa tutela. /0 aCapítulo 7 :tLos municipios.-- tSus diferentes nombres.-- tSu formación y composición.-- tSu funcionamiento.-- tPersonalidad de la común.-- tRégimen Municipal en la República Dominicana.-- tNombramientos y funciones principales.-- tConceptos de la independencia o autonomía de los ayuntamientos.-- tDistinción entre el dominio público y dominio comunal.-- tCatastro.-- tVentajas de la autonomía municipal.-- tAlcalde pedáneos.-- tLiga municipal.-- tAyuntamiento del municipio de Santiago.-- tEstado demostrativo y la operaciones.....36-37-38-39-40-41. /0 aCapítulo 8 :tLa provincia.-- tBosquejo histórico.-- tMapa de la República Dominicana.-- tEl régimen provincial. su organización y su gobierno.-- tLeyes que rigen la provincia.-- tEl consejo del distrito. origen y su razón.-- tDistrito Nacional.-- tOrganización del distrito de Santo Domingo.-- tSus atribuciones. /0 aCapítulo 9 :tLa nación. conceptos generales. diferencia entre país, nación.--t El Estado.-- tAtribuciones del Estado.-- tEl patriotismo como principal deber ciudadano.-- tEl amor patrio.-- tEl amor provincial.-- tEl amor comunal.-- tEl cosmopolitismo como base de la sociedad Universal.--tCosmopolita./0 aCapítulo 10 :tLa moral y la religión como fuentes reguladoras de la colectividad.-- tVentajas que engendra la humanidad a la rectitud de la moral y la generalidad y pureza de la religión. /0 aCapítulo 11 :tIdeas acerca de los gobiernos.-- tEl gobierno nacional.-- tDiferentes sistemas de gobierno.-- tAnálisis crítico de las diferentes formas de gobierno y sus orígenes.-- tMonarquías constitucionales.-- tLas república unitarias.-- tLas repúblicas confederadas.--t Los regímenes autocráticos. /0 aCapítulo 12 :tLa monarquía absoluta.-- tLa democracia.-- tLa democracia parlamentaria y la democracia presidencial.-- tLa democracia de tipo monárquico y la democracia de tipo republicano.-- tDemocracia formal y la democracia auténtica.-- tLa democracia auténtica.-- tInconvenientes.--t La dictadura.--t La oligarquía.-- tFormas de oligarquías.-- tLa teocracia.-- tGobierno por decreto. /0 aCapítulo 13 :tEl poder. cómo se ejerce y en quién reside.-- tEl poder legal en oposición con la fuerza bruta.--t Ilegalidad del poder usurpado. /0 aCapítulo 14 :tEl poder ejecutivo.-- tSu ejercicio y constitución.-- tElección del presidente de la República.-- tNombramientos y atribuciones.-- tDeberes y derechos consagrados en la constitución.-- El ejecutivo como jefe de la administración pública.-- Los auxiliares del poder ejecutivo.-- Secretarios de estado o ministros.-- Condiciones requeridas para ser secretario de estado.-- Su responsabilidad administrativa. /tEl ejecutivo como jefe de la administración pública.-- tLos auxiliares del poder ejecutivo.-- tSecretarios de estado o ministros.-- tCondiciones requeridas para ser secretario de estado.-- tSu responsabilidad administrativa. /0 aCapítulo 15 :tDecretos.-- Reglamentos y ordenanzas.-- Decretos leyes.-- Sus diferencias con las leyes.-- Su alcance y y aplicación.-- Las órdenes departamentales y las circulares.-- Circulares. /tReglamentos y ordenanzas.-- tDecretos leyes.-- tSus diferencias con las leyes.-- tSu alcance y y aplicación.-- tLas órdenes departamentales y las circulares.-- tCirculares. /0 aCapítulo 16 :tEl poder legislativo.-- tSu nombramiento y composición. /0 aCapítulo 17 :tAtribuciones comunes a ambas cámaras.--t La asamblea nacional.-- tEl congreso nacional.-- tAtribuciones de las cámaras reunidas en asamblea nacional.-- tRepresentación funcional.-- tRepresentación de las minorías.-- tInmunidad legislativa. / 0 aCapítulo 18 :tEl senado.-- tSu elección y componentes.-- tRequisitos necesario para ser senador.-- tAtribuciones propias de esta investidura.-- tFunciones exclusivas del senado. /0 aCapítulo 19 :tLa cámara de diputados.- su elección y componentes.- requisitos necesarios para ser diputado.- atribuciones propias de esta investidura.- independencia e inmunidad de las funciones legislativas.-0 aCapítulo 20 :tDe las leyes.- concepto general de la legislación.- concepto general de la legislación.- el poder legislativo.- los diferentes códigos y las materias que tratan.-- código de comercio.- código penal.- el código de procedimiento criminal.- códigos extranjeros.- leyes orgánicas.- leyes especiales.- leyes generales.- la promulgación y publicación de la leyes.- publicaciones.- el poder constituyente.- ley temporal.- adopción del código civil en la República Dominicana.- modificaciones del código.- cuestionario.-0 aCapítulo 21 :tEl poder judicial.- su formación.- quiénes lo integran.- la suprema corte de justicia.- condiciones requeridas para ser miembros del poder judicial.- atribuciones de la suprema corte de justicia.- corte de apelación.- procurador general.- tribunal de tierras.- organización.- oficinas de registro de títulos.- juzgados de primera instancia.- jurado de oposición.- tribunales tutelares de menores.- ministerios públicos.- la jurisprudencia.- atribuciones.- juzgado de paz (alcaldías).- t composición.- atribuciones.- cámara de cuentas.- sus atribuciones.- la justicia como función social.- su importancia para el desarrollo armónico de la nación.-0 aCapítulo 22 :tCuestionario.- sistema penitenciario.- papel consecuencial de la pena.- nociones de las sanciones penales, civiles y políticas.- la moral como freno a la delincuencia.- delincuencia juvenil.- modos sociales de prevenir la delincuencia.- tema para desarrollar.-0 aCapítulo 23 :tLa constitución del Estado.- sus definiciones y fines.- otra definición de constitución.- leyes ordinarias o comunes,- la primera constitución dominicana.- la constituyente.- su integración y fines.- reformas constitucionales.- cuestionario.-0 aCapítulo 24 :tEl poder electoral.- el sufragio universal.- no pueden ejercer el sufragio.- el poder de la prensa como órgano complementario del gobierno. su importancia en las constituciones democráticas.- funciones electivas.- tema para desarrollo.-0 aCapítulo 25 :tLas menorías en los regímenes democráticos.- La representación de las minorías.- El voto limitado.- la presentación proporcional.- el número único.- los dictadores.- las tiranías males sociales de estos sistemas de gobierno.- breve historia de dictaduras y tiranías americanas.- explica,-0 aCapítulo 26 :tLos partidos políticos.- causa de los partidos.- a qué se llama partidos de principios o ideológicos.- partidos personalistas.- partidos derechistas.- partidos izquierdista.- partidos de oposición.- desarrolla:.-0 aCapítulo 27 :tLa administración pública. el funcionamiento y el empleo del presidente como jefe de la administración pública.- el funcionamiento y el empleo público.- servicios generales.- servicios facultativos.- disposiciones general.- los impuestos.- oficinas auxiliares,.- principales servicios públicos administrativos.- dirección central.- tesoro nacional.- el contralor y auditor general.- oficinas centrales.- el director del presupuesto.- servicios facultativos.- la enseñanza.- idea de los fines y organización de la educación pública.- el consejo nacional de educación.- enseñanza universitaria.- educación.- salud previsión social.-tAgricultura.- industria y trabajo.- trabajo.- división de asuntos laborales e internacionales.- división de la dirección general de trabajo.- ley de registro.- comercio,- finanzas o hacienda pública.- relaciones exteriores.-ventajas de una ley reguladora de los servicios públicos.- ley de gastos públicos.- procedimiento.- dominio del Estado.-0 aCapítulo 28 :tLas fuerzas armadas.- policía administrativa.- policía especial.- ejército nacional.- policía rural.- nóminas que forman un ejército.- secretaría de Estado de la Presidencia.- secretaría de las fuerzas armadas.- procuraduría general de la república.- cédula de identificación personal.- dirección general de la cédula de identificación personal.-0 aCapítulo 29 :tServicio diplomático.- servicio consular.- tratado.- obligaciones de la República Dominicana.- principales órganos internacionales de confraternidad.-0 aCapítulo 30 :tEl trabajo.- el trabajo como necesidad nacional.- los gremios y entidades laborales.- entidades laborales.- sindicato obrero.- sindicato patronal.- origen de la lucha entre el capital y el trabajo.-0 aCapítulo 31 : tRelaciones entre patrones y obreros.- riqueza.- monopolios.- los monopolios legales.- los monopolios de hechos.- los latifundios.-modo de corregirlos.- los minifundios.- derechos de huelga o paros y sus consecuencias. cuando están fuera de la ley.- las clases trabajadoras y los patronos.- artesanía.-0 aCapítulo 32 :tLa costumbre.- la corrupción de la costumbre.- el fanatismo.- la superchería.-0 aCapítulo 33 :tLas naciones unidas.- fines principales.- la Unesco.- los derechos del hombre.- declaración universal de los derechos humanos.-0 aCapítulo 34 :tLa unión panamericana.- el panamericanismo.- organización de los Estados americanos (OEA).- su formación y fines.- la unión panamericana.- el himno nacional.- el himno nacional dominicano.- el escudo.- la bandera.- aInventariado, 2023/ YL 0aEducación cívicayRepública Dominicana91206 aYLockward 2ddccLBS1 00102ddc51708PDaBNPHUbBNPHUcCTd2014-12-01eBarbara Suncarl0o372.832 V768mp2023-5768r2023-09-12w2023-09-12yLBS1zPerteneció a la biblioteca personal de Bárbara Suncar c54699d54699